| 000 | 00480nam a2200193Ia 4500 | ||
|---|---|---|---|
| 003 | GCL | ||
| 008 | 140319s9999 xx 000 0 eng d | ||
| 020 | _a505003451 | ||
| 040 |
_aGCL / _cGCL |
||
| 082 | 0 | 4 |
_aCH _b590 _bS R |
| 100 | 1 | _aSLADKOV, NIKOLAI | |
| 245 | 1 | 0 |
_aRAINBOW WORLD / _cSLADKOV, NIKOLAI |
| 700 | 1 | _aOLGA, SHARTSE | |
| 260 |
_aروسيا : _bRADUGA PUBLISHERS ، _c1986 |
||
| 300 |
_a28 CM ؛ _c97 P |
||
| 650 | 0 | 4 | _aBIRDS |
| 650 | 0 | 4 | _aANIMALS |
| 942 |
_2ddc _cBK |
||
| 999 |
_c9249 _d9249 |
||